000 00396nam a2200157Ia 4500
008 230524s9999 xx 000 0 und d
082 _a612
_bSIN
100 _aInderbir Singh
_923725
245 0 _aTextbook of Anatomy with Colour Atlas Vol-I
250 _a3RD
260 _aNEW DELHI
_bJaypee
_c2005
300 _aIV;438
500 _aQuantity Number: 1
650 _aBiomedical
942 _cBK
999 _c35260
_d35260